Statistics for Metropolitan Sydney Councils

Click here to take the quiz!

General Stats

  • This quiz has been taken 166 times
  • The average score is 17 of 30

Answer Stats

Sydney RegionAnswer% Correct
CityCity of Sydney
97%
Hills District/Northern Suburbs/Western SydneyCity of Parramatta Council
79%
Western SydneyCity of Penrith
75%
Lower North ShoreNorth Sydney Council
73%
South-Western Sydney/Western SydneyCity of Liverpool
73%
Northern SuburbsCity of Ryde
71%
Hills District/Upper North Shore/Northern SuburbsHornsby Shire
69%
Western SydneyCity of Blacktown
68%
Southern SydneySutherland Shire
68%
Macarthur/South-Western SydneyCity of Campbelltown
67%
Inner West/Western SydneyInner West Council
62%
Eastern SuburbsCity of Randwick
62%
Inner WestMunicipality of Strathfield
60%
Lower North ShoreMunicipality of Mosman
59%
Northern Beaches/Forest DistrictNorthern Beaches Council
57%
Eastern SuburbsWaverley Council
52%
Hills DistrictThe Hills Shire
51%
Canterbury-Bankstown/South-Western Sydney/Western SydneyCanterbury Bankstown Council
49%
Inner WestCity of Canada Bay
48%
Macarthur/South-Western SydneyCamden Council
47%
Eastern SuburbsMunicipality of Woollahra
47%
Inner WestBurwood Council
47%
Lower North ShoreCity of WIlloughby
44%
Upper North ShoreKu-ring-gai Council
43%
Northern SuburbsMunicipality of Hunters Hill
43%
Lower North ShoreMunicipality of Lane Cove
42%
South-Western Sydney/Western SydneyCity of Fairfield
41%
Western SydneyCumberland Council
40%
Eastern Suburbs/Southern Sydney/St GeorgeBayside Council
36%
Southern Sydney/St GeorgeGeorges River Council
34%

Score Distribution

Percentile by Number Answered

Percent of People with Each Score

Your Score History

You have not taken this quiz